Bölgesel gelişim raporu I (Record no. 9215)

MARC details
000 -BAŞLIK
Sabit Uzunlukta Kontrol Alanı 00880na a2200253 4500
001 - KONTROL NUMARASI
Denetim Alanı 20062
003 - KONTROL NUMARASI IDENTIFIER
Denetim Alanı MIRAKIL
005 - SON İŞLEM TARİHİ VE ZAMANI
Denetim Alanı 20181213155239.0
008 - SABİT-BOY VERİ ELEMANLARI - GENEL BİLGİLER
Sabit Uzunlukta Kontrol Alanı 170103b tu 000 0
035 ## - SİSTEM KONTROL NUMARASI
Sistem Kontrol Numarası 20062
040 ## - KATALOGLAMA KAYNAK
Orijinal Kataloglama Ajansı Milas
Kataloglama Dili tur
Metne Dönüştürmek Ajansı TR-AnCHP
041 ## - DİL KODU
Metin / Ses Parça Veya Ayrı Başlığın Dil Kodu tur
082 ## - DEWEY ONLU SINIFLANDIRMA NUMARASI
Sınıflandırma Numarası 338.905641
Ürün Numarası B74 2003
090 ## - SINIFLAMA NUMARASI
Sınıflama Numarası 338.905641 B74 2003
245 ## - BAŞLIK TABLOSU
Başlık Bölgesel gelişim raporu I
Başlığın Kalan Batı Akdeniz Bölgesi (Antalya-Burdur-Isparta)
-- (Tarım-hayvancılık-hizmet sektörü)
Sorumluluk Tablosu, Vb TOBB, BAGEV
260 ## - YAYIN, DAĞITIM, VB
Yayın, Dağıtım, Vb Yeri Ankara
Yayıncı, Dağıtıcı, Vs Adı TOBB
Yayın, Dağıtım, Vb Tarihi 2003
300 ## - FİZİKSEL TANIM
Kapsam 356 s.
Diğer Fiziksel Ayrıntıları tbl.; grf.
Boyutlar 27 sm.
490 ## - SERİSİ TABLOSU
Seri Beyanı TOBB Araştırma Yayınları
Hacim / Ardışık Tanımı 1
650 ## - KONU KATMA GİRİŞ - TOPİKAL DÖNEM
Topikal Süreli Veya Coğrafi Ad Giriş Elemanı Ekonomik kalkınma ve büyüme
Genel Alt Bölümü Bölgesel gelişme
Kronolojik Alt Bölümü Raporlar
651 ## - KONU KATMA GİRİŞ - COĞRAFİ ADI
Coğrafi İsim Batı Akdeniz Bölgesi
Genel Alt Bölümü Ekonomik durum
Kronolojik Alt Bölümü Raporlar
710 ## - KATMA GİRİŞ - KURUMSAL ADI
Giriş Elemanı Olarak Kurumsal Ad Veya Yargı Alanı Adı Türkiye Odalar ve Borsalar Birliği
710 ## - KATMA GİRİŞ - KURUMSAL ADI
Giriş Elemanı Olarak Kurumsal Ad Veya Yargı Alanı Adı Batı Akdeniz Ekonomisini Geliştirme Vakfı
942 ## - EKLENDİ GİRİŞ ELEMANLARI (KOHA)
Sınıflandırma Veya Raf Düzeni Kaynak Dewey Decimal Classification
Koha Öğesi Türü Books
999 ## - SİSTEM KONTROL NUMARALARI (KOHA)
Koha Biblionumber 9215
Koha Biblioitemnumber 9215
Holdings
Kalıcı Konum Mevcut Konum Edinme Tarihi Edinim Kaynak Toplam Check-Out'Lar Tam Çağrı Numarası Barkod Tarih Son Görülme İtibaren Geçerli Fiyatlar Koha Öğesi Türü
CHP Kütüphanesi CHP Kütüphanesi 01/03/2017 Bağış   338.905641 B74 2003 010428 01/03/2017 01/03/2017 Books